| 000 | 00599nam a2200181Ia 4500 | ||
|---|---|---|---|
| 008 | 140925s9999 xx 000 0 und d | ||
| 245 |
_aJournal of behavioral economics, finance, entrepreneurship, accounting and transport / _h[electronic resource] |
||
| 260 |
_bScience and Education Publishing Co., _cc2013. |
||
| 516 | _aElectronic text | ||
| 650 | _aEconomics. | ||
| 650 | _aEntrepreneurship. | ||
| 650 | _aFinance. | ||
| 650 | _aTransport. | ||
| 830 | _aScience and Education Publishing Co. | ||
| 856 | _uhttp://www.sciepub.com/journal/JBE | ||
| 942 | _cEJ | ||
| 999 |
_c275768 _d275768 |
||